Miasto polskie na G - Statystyki

Ogólne statystyki
  • Ten quiz został rozwiązany 52 razy
  • Średni wynik to 5 z 8
Statystyki odpowiedzi
Hint Odpowiedź % Poprawnych
1. Gdańsk
89%
2. Gdynia
87%
4. Gorzów Wielkopolski
76%
6. Gliwice
61%
5. Grudziądz
59%
3. Gniezno
57%
8. Gołdap
15%
7. Grunwald
11%
Nie znaleziono quizów pasujących do podanych kryteriów
Rozkład punktacji
Procent ludzi z każdym wynikiem
Percentyl według liczby udzielonych odpowiedzi
Twoja historia wyników
Nie rozwiązałeś tego quizu